Physique des vibrations mécaniques

Збережено в:
Бібліографічні деталі
Автор: Mathey, Robert G. (autor)
Формат: Книга
Мова:Французька
Опубліковано: París Dunod 1963
Предмети:
Теги: Додати тег
Немає тегів, Будьте першим, хто поставить тег для цього запису!

MARC

LEADER 00000nam a2200000 a 4500
001 UCP1778
003 CL-VaPUC
008 990426e19630000FR |||||||||||||||||fre|d
082 0 4 |a 620.3  |b MAT  |2 21 
100 |a Mathey, Robert G.   |e autor  |9 428017 
245 1 0 |a Physique des vibrations mécaniques 
300 |a 270 p 
942 |c BK 
945 |d 19990426 00:00:00  |a cmena 
260 |a París  |b Dunod  |c 1963 
650 0 |a Vibraciones mecánicas  |9 369356 
650 0 |a Propagación de ondas  |9 263256 
650 0 |a Cinemática  |9 260942 
650 7 |a OSCILADORES  |2 CL-VaPUC  |9 345821 
650 7 |a INSTRUMENTOS DE MEDIDA  |2 CL-VaPUC  |9 262517 
650 0 |a Acelerómetros  |9 428004 
650 0 |a Máquinas herramientas  |9 262583 
650 7 |a GIROSCOPIOS  |2 CL-VaPUC  |9 360177 
583 |a last modification  |c 19990426 00:00:00  |k Rodrigo Vera 
999 |c 280416  |d 280414